Personajes famosos videojuegos - Estadísticas

Estadísticas generales
  • Esta prueba ha sido intentada 584 veces
  • La puntuación promedio es 5 de 16
Estadísticas de respuestas
Imagen Respuesta % Correcto
Ryu
73%
Meowth
63%
Diddy Kong
61%
Master Chief
60%
Falco
52%
Tom Nook
31%
Kazooie
27%
Fizz
25%
Marcus
23%
Ori
18%
Vivi
16%
Doctor Neo Cortex
15%
Victor Sullivan
13%
Thrall
12%
Skull kid
10%
Joanna Dark
6%
No se encontraron pruebas coincidentes
Distribución de puntuación
Porcentaje de gente con cada puntuación
Porcentaje por número respondido
Historial de tus puntuaciones
No has intentado esta prueba.